Responses for Show #1815 - Friday, June 19, 1992

Contestants

Hal Gladfelder, a teacher and grad student originally from Pasadena, California

Mary Ellen LaRubbio, a legal secretary originally from Brooklyn, New York

Toby Muller, a freelance copywriter originally from Hewlett, New York (whose 1-day cash winnings total $9,500)

Jeopardy! Round responses

STATE CAPITALS
FASHION DESIGNERS
SPORTS
LEONARDO DA VINCI
POTPOURRI
"DOWN"
    $100 1
(Hal: What is San Antonio?)
(Toby: What is Amarillo?)

Austin

TobyMary EllenHal
    $100 23
(Hal: Who is Princess Grace?)

Princess Stephanie

Mary EllenHal
    $100 9
Jack Nicklaus

Hal
    $100 4
an angel

Hal
    $100 16
a roller coaster

Hal
    $100 8
Downing Street

Toby
    $200 2
Springfield

Toby
    $200 27
Liz Claiborne

Hal
    $200 12
basketball

Toby
    $200 5
autopsies

Mary Ellen
    $200 19
a paper tiger

Toby
    $200 11
down-to-earth

Toby
    $300 3
Honolulu

Hal
    $300 28
(Mary Ellen: ...What is Dior?)

Chloé

Mary EllenHal
    $300 13
the Indianapolis 500

Toby
    $300 10
The Last Supper

Mary Ellen
    $300 20
Gone with the Wind

Toby
    $300 24
Down and Out

Hal
    $500 6
Cheyenne

Mary Ellen
    $400 29
Rudi Gernriech

Hal
    $400 14
(Alex: [Upon returning from the first break] Just to set the record straight on one of the clues in that SPORTS category. She is no longer [*], of course. She has married Andy Mill.)

Chris Evert Lloyd

Triple Stumper
    $400 17
horses

Hal
    $400 21
blue

Hal
    $400 25
a downlink

Toby
    $500 7
Atlanta (Georgia)

Mary Ellen
    $500 30
(Coco) Chanel

Hal
    $500 15
Wade Boggs

Toby
    $500 18
his notebooks

Toby
    $500 22
Irving Berlin

Toby
    $500 26
Downbeat

Hal

Scores at the first commercial break (after clue 15):

Toby Mary Ellen Hal
$1,400 $1,600 $400

Scores at the end of the Jeopardy! Round:

Toby Mary Ellen Hal
$3,300 $1,400 $3,400

Double Jeopardy! Round responses

THE UNITED KINGDOM
FICTIONAL CHARACTERS
ANCIENT EGYPT
LESSER-KNOWN NAMES
BUSINESS & INDUSTRY
"UP"
    $200 6
Bath

Toby
    $200 1
Kim

Mary Ellen
    $200 14
Cleopatra

Toby
    $200 22
(Toby: Uh, who is Hemingway?)

García

TobyMary Ellen
    $200 11
Toys "R" Us

Toby
    $200 17
sunny-side up

Toby
    $400 7
(Toby: What is Dublin?)

Belfast

TobyMary Ellen
    $400 2
the Little Prince

Hal
    $400 27
(King) Tut

Toby
    $400 23
the continents

Hal
    $400 12
Anheuser-Busch

Toby
    $400 18
an uppercut

Toby
    $600 8
a Glaswegian

Toby
    $600 3
Heart of Darkness

Hal
    $600 28
the flooding of the Nile

Mary Ellen
    $600 24
MacArthur

Mary Ellen
    $600 13
Alcoa

Mary Ellen
    $600 19
"Up, Up And Away"

Toby
    $800 9
the Privy Council

Toby
    $800 4
Raskolnikov

Hal
    $800 29
a falcon (or hawk)

Mary Ellen
    $800 25
Tammany Hall

Hal
    $800 15
General Electric

Toby
    $800 20
one-upmanship

Toby
    $1,000 10
(Alex: Yes, hence the Prince of Wales.)

a principality

Toby
    $1000 5
(Hal: What is Death Comes to the Archbishop?)
...
(Alex: It's a title of a book, and we had to be exact on that one. Sorry, Hal.)

Death Comes for the Archbishop

TobyHal
    $1000 30
the Book of the Dead

Mary Ellen
    $1000 26
Atlantis

Mary Ellen
    $2,000 16
advertising

Toby
    $1000 21
Uppsala

Hal

Scores at the end of the Double Jeopardy! Round:

Toby Mary Ellen Hal
$12,300 $6,800 $6,400

[wagering suggestions for these scores]

Final Jeopardy! Round responses

IN THE NEWS
HalWho is Salman Rushdie?
$6,000
Mary EllenWho is
$4,201
TobyWho is Salmun Rushdie?
$10,000
Salman Rushdie

Final scores:

Toby Mary Ellen Hal
$22,300 $2,599 $12,400
2-day champion: $31,800 3rd place: collection of Armitron All-Sport water-resistant sport watches + Nintendo Entertainment System with new editions of Super Jeopardy! & Wheel of Fortune + InfoGenius Productivity Paks for Nintendo Game Boy 2nd place: a vacation at historic Ingleside Inn in Palm Springs + Cazal 951 & 955 fashion sunglasses & sports systems

Game dynamics:

Coryat scores:

Toby Mary Ellen Hal
$11,300 $6,700 $6,400
26 R
(including 2 DDs),
3 W
15 R
(including 1 DD),
1 W
18 R,
3 W

Combined Coryat: $24,400

[game clues] [game scores] [suggest correction]

Game tape date: 1992-02-04
The J! Archive is created by fans, for fans. Scraping, republication, monetization, and malicious use prohibited; this site may use cookies and collect identifying information. See terms. The Jeopardy! game show and all elements thereof, including but not limited to copyright and trademark thereto, are the property of Jeopardy Productions, Inc. and are protected under law. This website is not affiliated with, sponsored by, or operated by Jeopardy Productions, Inc. Join the discussion at JBoard.tv.